000
00468nam a2200181Ia 4500
008
090124s9999 xx 000 0 und d
082
_b
132394
100
_a
तिबिले अनंत.
245
_a
गावकूस
250
_a
1
260
_c
2004
300
_a
174
600
_a
तिबिले अनंत.
630
_a
गावकूस
700
_a
तिबिले अनंत.
730
_a
गावकूस
942
_c
BOOK
999
_c
178483
_d
178483